000 01013nam a22003377a 4500
001 0033401
003 KOHA_MİRAKIL
005 20260207002851.0
007 ta
008 111028b1988 tu |||gr||||#||||0|tur |
040 _aTR-BiSEU
_btur
_cTR-BiSEU
_erda
041 0 _atur
044 _ctu
050 _aSF105
_b.Y55 1988
100 1 _a Yıldırım, Yalçın.
245 1 _aEt muayenesi/
_cYalçın Yıldırım ; Yalçın Yıldırım.
264 1 _aBursa :
_bUludağ Üniversitesi
_c1988
300 _a141 s. ;
_c24 cm.
336 _ametin
_btxt
_2rdacontent
337 _aaracısız
_bn
_2rdamedia
338 _acilt
_bnc
_2rdacarrier
490 1 _aUludağ Üniversitesi yayınları yayın no.
490 1 _a ;
_v18-002-165
650 0 _aHayvancılık.
_97238
650 0 _aAnimal Culture.
_964870
650 0 _aEt--Sağlık .
_964871
650 0 _aMeat--Health.
_964872
830 1 _aUludağ Üniversitesi yayınları yayın no.
_964873
830 1 _a ;
_v18-002-165
_91620
942 _2lcc
_cBK
999 _c33419
_d33419